Pluralitné Ja

Podrobná bibliografia
Hlavný autor: Mikláš, Norbert, 1975- (Autor)
Médium: Článok
Jazyk:slovenčina
Predmet:

MARC

LEADER 00000nab a2200000 a 4500
001 vtls000809394
003 SK-MaSNL
005 20260304121727.0
008 250429c2002 xo 0 slo
015 |a SNBRB2002/10-31814 
035 |a CLN000161049 
035 |a urn:nbn:sk:snk-abbvrr 
035 |a (urnnbn)urn:nbn:sk:snk:ar-0001z5 
035 |a (uuid)072f254e-5f01-435c-a0b6-6d3c19db891d 
040 |a SNKBUCL  |b slo  |c SNKBUCL  |e AACR2 
041 0 |a slo 
044 |a xo  |c SK 
080 |a 111  |2 1997 
080 |a 885.4-4  |2 1997 
100 1 |a Mikláš, Norbert,  |d 1975-  |4 aut  |9 871392 
245 1 0 |a Pluralitné Ja  |c Norbert Mikláš 
504 |a Bibliogr. odkazy 
650 0 7 |a eseje filozofické slovenské  |2 snkbucl  |9 1426881 
655 7 |a články z novín a časopisov  |2 snkbucl  |9 267496 
773 0 |t Romboid  |g Roč. 37, č. 4 (2002), s. 74  |x 0231-6714 
850 |a Slovenská národná knižnica 
852 |a Slovenská národná knižnica 
958 |a article15 
958 |a LX 
958 |a SK 
958 |a NB 
958 |a OND 
958 |a EUIPO 
992 |a RBX 
999 |c 2886607  |d 2888537